Gestión de discos duros

Shranjeno v:
Bibliografske podrobnosti
Glavni avtor: Wolverton, Van (Author)
Format: Knjiga
Jezik:španščina
Izdano: Madrid Anaya 1989
Serija:Guía de referencia rápida
Teme:
Oznake: Označite
Brez oznak, prvi označite!

MARC

LEADER 00000nam a2200000 a 4500
001 UCW6479
003 CL-VaPUC
008 920116e19890000SP |||||||||||||||||spa|d
082 0 4 |a 004.53  |b WOL  |2 21 
100 0 |a Wolverton, Van  |e author  |9 311513 
245 1 0 |a Gestión de discos duros 
300 |a 134 p 
942 |c BK 
945 |d 19920116 00:00:00 
260 |a Madrid  |b Anaya  |c 1989 
650 7 |a DISPOSITIVOS DE ALMACENAMIENTO MASIVO  |2 CL-VaPUC  |9 311514 
583 |a last modification  |c 19920116 00:00:00  |k Rodrigo Vera 
490 0 |a Guía de referencia rápida 
999 |c 219531  |d 219529 
952 |0 0  |1 0  |4 0  |6 004_530000000000000_WOL_1989  |7 0  |8 A  |9 210555  |a BIBEDU  |b BIBEDU  |d 2019-11-15  |i 2786869  |o 004.53 WOL 1989  |p 2786869  |r 2019-11-15  |w 2019-11-15  |y BK  |k EDU